00929nam a2200265Ia 4500003000400000005001700004008004100021020001500062040001800077041000800095082002000103100002600123245009700149250001200246260004200258300002900300650004300329650002800372650003000400650002400430650002500454942002700479999001900506952013800525OSt20250221143645.0210716s2006 xx 000 0 und d a8177223968 cAIMIT LIBRARY aeng a005.7401 bWELA aWells, April.9201719 aOracle 10g: bDatabase administration (covers 9i & 10g) little black book /cBy April Wells. a1st ed. aNew Delhi :bDreamtech Press ,c2006. axv,344 p.;bPBc24.5 cm. aSaving it and bringing it back9201720 aDatabase tuning9201721 aHigh availability9201722 aOther stuff9201723 aWill it work9201724 2ddccBKk005.7401 WELA c187724d187724 001040708MCAaAIMITbAIMITeHigginbothams Pvt Ltdg249.00l0o005.7401 WELApMCA07232r2025-07-21 00:00:00v199.20w2021-07-16yBK